Every Movie Directed by George Miller - Statistics

General Stats
  • This quiz has been taken 8 times
  • The average score is 10 of 16
Answer Stats
Year Film % Correct
1979 Mad Max
100%
1981 Mad Max 2: The Road Warrior
100%
2015 Mad Max: Fury Road
100%
1998 Babe: Pig in the City
88%
2024 Furiosa: A Mad Max Saga
88%
2006 Happy Feet
88%
2011 Happy Feet Two
88%
1985 Mad Max Beyond Thunderdome
75%
1992 Lorenzo’s Oil
63%
1987 The Witches of Eastwick
63%
1983 Twilight Zone: The Movie
50%
2022 Three Thousand Years of Longing
38%
1971 St. Vincent's Revue Film
25%
1983 The Dismissal
25%
1971 Violence in the Cinema, Part 1
25%
1997 40,000 Years of Dreaming
13%
No matching quizzes found
Score Distribution
Percent of People with Each Score
Percentile by Number Answered
Your Score History
You have not taken this quiz